Метрология и стандартизация: учебно-методическое пособие

Detalles Bibliográficos
Autor principal: Спиридонова А. С. Анна Сергеевна
Autor Corporativo: Национальный исследовательский Томский политехнический университет Инженерная школа информационных технологий и робототехники Отделение автоматизации и робототехники
Otros Autores: Кузьминская Е. В. Елена Вячеславовна
Sumario:Заглавие с титульного экрана
Электронная версия печатной публикации
В пособии изложены учебно-методические материалы по дисциплине «Метрология, стандартизация и сертификация», содержащие описание лабораторных работ, а также рекомендации по их подготовке и проведению. Кратко изложены основные положения по метрологии и стандартизации, приведены основные понятия, отражены особенности обработки результатов измерений. Предназначено для студентов технических специальностей для закрепления материалов по теоретическим и нормативно-правовым основам метрологии, методам измерений, порядку проведения и правилам обработки результатов измерений, оцениванию неопределенности измерений, а также теоретическим положениям деятельности по стандартизации
AM_TPU_network
Lenguaje:ruso
Publicado: Томск, Изд-во ТПУ, 2022
Materias:
Acceso en línea:https://www.lib.tpu.ru/fulltext2/m/2022/m20.pdf
Formato: Electrónico Libro
KOHA link:https://koha.lib.tpu.ru/cgi-bin/koha/opac-detail.pl?biblionumber=347600

MARC

LEADER 00000nam0a2200000 4500
001 347600
005 20260413151404.0
010 |a 978-5-4387-1068-4 
035 |a (RuTPU)RU\TPU\book\379517 
035 |a RU\TPU\book\301842 
090 |a 347600 
100 |a 20220523d2022 m y0rusy50 ca 
101 0 |a rus 
102 |a RU 
105 |a a j 001zy 
135 |a drgn ---uucaa 
181 0 |a i   |b  e  
182 0 |a b 
183 0 |a cr  |2 RDAcarrier 
200 1 |a Метрология и стандартизация   |e учебно-методическое пособие  |f А. С. Спиридонова, Е. В. Кузьминская  |g Национальный исследовательский Томский политехнический университет, Инженерная школа информационных технологий и робототехники, Отделение автоматизации и робототехники 
203 |a Текст  |c электронный  |b визуальный 
210 |a Томск  |c Изд-во ТПУ  |d 2022 
283 |a online_resource  |2 RDAcarrier 
300 |a Заглавие с титульного экрана 
300 |a Электронная версия печатной публикации 
330 |a В пособии изложены учебно-методические материалы по дисциплине «Метрология, стандартизация и сертификация», содержащие описание лабораторных работ, а также рекомендации по их подготовке и проведению. Кратко изложены основные положения по метрологии и стандартизации, приведены основные понятия, отражены особенности обработки результатов измерений. Предназначено для студентов технических специальностей для закрепления материалов по теоретическим и нормативно-правовым основам метрологии, методам измерений, порядку проведения и правилам обработки результатов измерений, оцениванию неопределенности измерений, а также теоретическим положениям деятельности по стандартизации 
371 0 |a AM_TPU_network 
452 1 |0 (RuTPU)RU\TPU\book\379803  |y 978-5-4387-1068-4  |t Метрология и стандартизация  |o учебно-методическое пособие  |f А. С. Спиридонова, Е. В. Кузьминская  |g Национальный исследовательский Томский политехнический университет  |c Томск  |n Изд-во ТПУ  |d 2022  |p 79 с.  |a Спиридонова, Анна Сергеевна 
606 1 |a Метрология  |2 stltpush  |3 (RuTPU)RU\TPU\subj\43497  |9 62988 
606 1 |a Стандартизация  |2 stltpush  |3 (RuTPU)RU\TPU\subj\67652  |9 83373 
610 1 |a электронный ресурс 
610 1 |a учебно-методические пособия 
610 1 |a труды учёных ТПУ 
610 1 |a лабораторные работы 
610 1 |a обработка результатов 
610 1 |a результаты измерений 
675 |a 006(075.8)  |v 4 
700 1 |a Спиридонова  |b А. С.  |c специалист в области контрольно-измерительной техники  |c доцент Томского политехнического университета, кандидат технических наук  |f 1980-  |g Анна Сергеевна  |3 (RuTPU)RU\TPU\pers\30262  |9 14633 
701 1 |a Кузьминская  |b Е. В.  |c специалист в области метрологии  |c доцент Томского политехнического университета, кандидат технических наук   |f 1985-  |g Елена Вячеславовна  |3 (RuTPU)RU\TPU\pers\38360  |9 20740 
712 0 2 |a Национальный исследовательский Томский политехнический университет  |b Инженерная школа информационных технологий и робототехники  |b Отделение автоматизации и робототехники  |3 (RuTPU)RU\TPU\col\23553 
801 1 |a RU  |b 63413507  |c 20130422 
801 2 |a RU  |b 63413507  |c 20220920  |g RCR 
856 4 0 |u https://www.lib.tpu.ru/fulltext2/m/2022/m20.pdf  |z https://www.lib.tpu.ru/fulltext2/m/2022/m20.pdf 
942 |c CF